[Event "NATO-ch 34th"]
[Site "Rhodes"]
[Date "2024.10.25"]
[Round "7"]
[White "Stikane, Evelina"]
[Black "Tucker, David Sidney"]
[Result "0-1"]
[WhiteElo "1583"]
[BlackElo "1921"]
[PlyCount "50"]
[EventDate "2024.10.21"]
[EventType "swiss"]
[EventRounds "7"]
[EventCountry "GRE"]
[SourceTitle "CB44_2024"]
[Source "Chessbase"]
[SourceDate "2024.10.30"]
[SourceVersion "1"]
[SourceVersionDate "2024.10.30"]
[SourceQuality "1"]

1. d4 c5 2. d5 Nf6 3. Nc3 g6 4. e4 d6 5. f4 Bg7 6. Bb5+ Nfd7 7. Nf3 a6 8. Bd3 0-0 9. 0-0 b5 10. a3 c4 11. Be2 Qb6+ 12. Kh1 Bb7 13. g4 Nf6 14. Rg1 Nbd7 15. h4 a5 16. f5 b4 17. g5 bxc3 18. gxf6 Nxf6 19. bxc3 Nxe4 20. Qf1 Bxd5 21. Bf4 Qc6 22. Kg2 Nxc3 23. Rc1 Nxe2 24. Qxe2 Bxf3+ 25. Qxf3 Qxf3+ 0-1

[Event "NATO-ch 34th"]
[Site "Rhodes"]
[Date "2024.10.21"]
[Round "1"]
[White "Stikane, Evelina"]
[Black "Peraino, Andrew M"]
[Result "0-1"]
[WhiteElo "1583"]
[BlackElo "1965"]
[PlyCount "144"]
[EventDate "2024.10.21"]
[EventType "swiss"]
[EventRounds "7"]
[EventCountry "GRE"]
[SourceTitle "CB44_2024"]
[Source "Chessbase"]
[SourceDate "2024.10.30"]
[SourceVersion "1"]
[SourceVersionDate "2024.10.30"]
[SourceQuality "1"]

1. d4 g6 2. Nc3 Nf6 3. Bf4 d6 4. e4 a6 5. a4 c5 6. dxc5 Qa5 7. Qd2 Qxc5 8. Nf3 Nc6 9. Rd1 Bg7 10. e5 dxe5 11. Nxe5 0-0 12. Nd3 Qb6 13. Be2 Bf5 14. Qc1 e5 15. Be3 Qc7 16. 0-0 Rac8 17. Rfe1 Nd4 18. Bf1 Ng4 19. Bg5 Nxc2 20. Nd5 Qb8 21. Ne7+ Kh8 22. Nxc8 Rxc8 23. Qd2 Nxe1 24. Rxe1 e4 25. Bf4 Qa7 26. h3 Nf6 27. Ne5 Be6 28. Be3 Qa8 29. Rd1 Kg8 30. b4 b5 31. axb5 axb5 32. Bxb5 Qb8 33. Ba6 Re8 34. Nc6 Qc7 35. b5 Nd5 36. Bd4 Bf8 37. Rc1 Bd6 38. Nb4 Bxb4 39. Rxc7 Bxd2 40. Rc2 e3 41. fxe3 Bxe3+ 42. Bxe3 Nxe3 43. Rb2 Nc4 44. Rb4 Rb8 45. Kf2 Nb6 46. Rd4 Kf8 47. Ke3 Ke7 48. Rh4 h5 49. Re4 Kd6 50. Kd4 Kc7 51. Kc5 Nd7+ 52. Kb4 Kb6 53. Rd4 Kc7 54. Rd2 Nb6 55. Rd1 Bd5 56. g4 hxg4 57. hxg4 Kd6 58. Re1 f5 59. gxf5 gxf5 60. Rf1 Rf8 61. Rf4 Be4 62. Rh4 Nd5+ 63. Kc4 Rf6 64. Rh8 Ke5 65. Kc5 Kf4 66. Bc8 Nb6 67. Ba6 Ke3 68. Rh3+ Kf2 69. Rh7 f4 70. Rc7 f3 71. Rc6 Nd7+ 72. Kd4 Bxc6 0-1